Geography Quiz

Random Geography or Flags Quiz

Flags of North America Quiz Stats

 Plays Quiz Updated Dec 8, 2016

Support Sporcle.
Go Orange.
Score 0/23 Timer 05:00
296 Plays Today
Country % Correct
Canada
95.9%
United States
95.5%
Mexico
91.3%
Jamaica
90.3%
Cuba
82.1%
Panama
74%
Honduras
70.9%
Barbados
70.9%
Trinidad and Tobago
69.5%
The Bahamas
68.8%
Dominican Republic
66.5%
Costa Rica
66.3%
Country % Correct
Haiti
63.9%
El Salvador
62.6%
Saint Lucia
62.2%
Nicaragua
62.1%
Guatemala
62%
Belize
59.5%
Dominica
59.3%
Grenada
57.5%
Saint Vincent and the Grenadines
56.7%
Antigua and Barbuda
56.7%
Saint Kitts and Nevis
56%

From the Vault

Silhouettes: Marvel Superheroes

by Perspektive

What're you staring at, bub?
Remove Ads.
Support Sporcle.
Get the best of Sporcle when you Go Orange. This ad-free experience offers more features, more stats, and more fun while also helping to support Sporcle. Thank you for becoming a member.

Show Comments

Extras

Top Quizzes Today


Score Distribution

Your Account Isn't Verified!

In order to create a playlist on Sporcle, you need to verify the email address you used during registration. Go to your Sporcle Settings to finish the process.

Report this User

Report this user for behavior that violates our Community Guidelines.

Details: